000 00705nam a2200229Ia 4500
003 OSt
005 20220918173911.0
006 a|||||r|||| 00| 0
007 ta
008 220917b |||||||| |||| 00| 0 eng d
024 _a9,035
037 _cTextual
040 _aARTS
_cARTS
_beng
041 _2eng
_aeng
082 _aCN05,81, K9 (EB)
100 _aNordenson Harald
_948242
245 0 _aRelativity time and reality
_b A critical investigation of the Einstein theory of relativity from a logical point of view
260 _aLondon
_bGeorge Allen and Unwin
_c1969
650 _aPHYSICS
942 _hCN05,81, K9 (EB)
_cTEXL
_2CC
999 _c150777
_d150777